[Event "Bundesliga 9899"]
[Site "Deutschland"]
[Date "1999.03.21"]
[Round "13.8"]
[White "Forchert, Martin"]
[Black "Heinatz, Thomas"]
[Result "1/2-1/2"]
[WhiteElo "2317"]
[BlackElo "2320"]
[PlyCount "121"]
[EventDate "1998.10.17"]
[EventType "team"]
[EventRounds "15"]
[EventCountry "GER"]
[SourceTitle "Bundesliga 9899"]
[Source "DeepChess"]
[SourceDate "2005.01.01"]
[SourceVersion "1"]
[SourceVersionDate "2005.01.01"]
[SourceQuality "1"]
[WhiteTeam "SAbt SV Werder Bremen"]
[BlackTeam "Dresdner SC 1898"]
[WhiteTeamCountry "GER"]
[BlackTeamCountry "GER"]

1. e4 g6 2. d4 Bg7 3. Nc3 c6 4. f4 d5 5. e5 Nh6 6. Nf3 Bg4 7. Be3 f6 8. Be2 Nd7
9. h3 Bxf3 10. Bxf3 Nf5 11. Bf2 fxe5 12. dxe5 e6 13. O-O O-O 14. Ne2 Qe7 15. g4
Nh6 16. g5 Nf5 17. Bg4 h5 18. Bxf5 Rxf5 19. Be3 Rf7 20. Qd3 Nf8 21. Rad1 b6 22.
c4 Qe8 23. Rd2 Rd8 24. Qc2 c5 25. Rfd1 Rfd7 26. Rd3 Qf7 27. b4 cxb4 28. cxd5
exd5 29. Qb3 Kh7 30. Qxb4 Ne6 31. Qd2 Bf8 32. Kh2 Bc5 33. a4 a5 34. Bxc5 Nxc5
35. Rf3 d4 36. f5 gxf5 37. Nf4 Kg8 38. g6 Qc4 39. Nxh5 Ne4 40. Qg2 Qe6 41. Nf4
Qxe5 42. Kh1 Nc3 43. Nd3 Qd5 44. Re1 Ne4 45. Nf4 Qc6 46. Nd3 Re7 47. Kg1 Rd6
48. Nf4 Qxa4 49. h4 d3 50. Nxd3 Rxg6 51. Qxg6+ Rg7 52. Qxg7+ Kxg7 53. Rxf5 Qd4+
54. Nf2 Nc5 55. Rg5+ Kf6 56. Rg4 Qb2 57. Rf4+ Kg6 58. Rg4+ Kf6 59. Rf4+ Kg6 60.
Rg4+ Kf6 61. Rf4+ 1/2-1/2

[Event "Bundesliga 9899"]
[Site "Deutschland"]
[Date "1999.03.21"]
[Round "13.3"]
[White "Sadler, Matthew"]
[Black "Kuczynski, Robert"]
[Result "1/2-1/2"]
[WhiteElo "2668"]
[BlackElo "2430"]
[PlyCount "60"]
[EventDate "1998.10.17"]
[EventType "team"]
[EventRounds "15"]
[EventCountry "GER"]
[SourceTitle "Bundesliga 9899"]
[Source "DeepChess"]
[SourceDate "2005.01.01"]
[SourceVersion "1"]
[SourceVersionDate "2005.01.01"]
[SourceQuality "1"]
[WhiteTeam "SG 1868 Aljech. Solingen"]
[BlackTeam "Erfurter SK"]
[WhiteTeamCountry "GER"]
[BlackTeamCountry "GER"]

1. Nf3 d6 2. g3 f5 3. d4 Nf6 4. Bg2 g6 5. O-O Bg7 6. b4 O-O 7. Bb2 Ne4 8. Nbd2
c6 9. a4 Nxd2 10. Nxd2 Be6 11. c4 Bf7 12. Qc2 e5 13. dxe5 dxe5 14. Qc3 Nd7 15.
a5 Qf6 16. Rfc1 Rad8 17. Qe3 a6 18. Qa7 Qd6 19. Rd1 Qb8 20. Qe3 e4 21. Bxg7
Kxg7 22. f4 Nf6 23. Qc5 Qd6 24. Qxd6 Rxd6 25. Rab1 Rd4 26. e3 Rd3 27. Bf1 Rxe3
28. b5 cxb5 29. cxb5 axb5 30. Bxb5 Rc8 1/2-1/2

[Event "Bundesliga 9899"]
[Site "Deutschland"]
[Date "1999.03.21"]
[Round "13.4"]
[White "Enders, Peter"]
[Black "Huebner, Robert"]
[Result "0-1"]
[WhiteElo "2474"]
[BlackElo "2585"]
[PlyCount "88"]
[EventDate "1998.10.17"]
[EventType "team"]
[EventRounds "15"]
[EventCountry "GER"]
[SourceTitle "Bundesliga 9899"]
[Source "DeepChess"]
[SourceDate "2005.01.01"]
[SourceVersion "1"]
[SourceVersionDate "2005.01.01"]
[SourceQuality "1"]
[WhiteTeam "Erfurter SK"]
[BlackTeam "SG 1868 Aljech. Solingen"]
[WhiteTeamCountry "GER"]
[BlackTeamCountry "GER"]

1. e4 e6 2. d4 d5 3. Nc3 Bb4 4. e5 c5 5. a3 Bxc3+ 6. bxc3 Ne7 7. Qg4 O-O 8. Bd3
Nbc6 9. Nf3 f5 10. exf6 Rxf6 11. Bg5 e5 12. Bxh7+ Kxh7 13. Qh5+ Kg8 14. Bxf6
gxf6 15. dxe5 Qf8 16. exf6 Qxf6 17. Qg5+ Qg7 18. O-O-O Bg4 19. Rd3 Rf8 20.
Qxg7+ Kxg7 21. Nh4 Ne5 22. Re3 N7c6 23. Rhe1 Rh8 24. g3 Nc4 25. Rd3 Rd8 26. h3
Bc8 27. f4 Nxa3 28. g4 Nc4 29. Nf3 b5 30. h4 b4 31. Nd2 Nxd2 32. Kxd2 c4 33.
Rg3 a5 34. f5 d4 35. cxd4 c3+ 36. Kc1 a4 37. Re4 Nxd4 38. Rd3 Nb3+ 39. cxb3
Rxd3 40. Rxb4 a3 41. Ra4 Rg3 42. Kc2 a2 43. Rxa2 Rg2+ 44. Kb1 Rxg4 0-1

[Event "Bundesliga 9899"]
[Site "Deutschland"]
[Date "1999.03.21"]
[Round "13.6"]
[White "Renner, Christoph"]
[Black "Gabriel, Christian"]
[Result "0-1"]
[WhiteElo "2437"]
[BlackElo "2581"]
[PlyCount "86"]
[EventDate "1998.10.17"]
[EventType "team"]
[EventRounds "15"]
[EventCountry "GER"]
[SourceTitle "Bundesliga 9899"]
[Source "DeepChess"]
[SourceDate "2005.01.01"]
[SourceVersion "1"]
[SourceVersionDate "2005.01.01"]
[SourceQuality "1"]
[WhiteTeam "Erfurter SK"]
[BlackTeam "SG 1868 Aljech. Solingen"]
[WhiteTeamCountry "GER"]
[BlackTeamCountry "GER"]

1. e4 e5 2. Nf3 Nc6 3. Bc4 Bc5 4. c3 Nf6 5. d3 a6 6. O-O Ba7 7. Re1 O-O 8. Bg5
d6 9. Bb3 Be6 10. Nbd2 Ne7 11. d4 h6 12. Bxf6 gxf6 13. Nf1 Kh7 14. Ng3 Ng6 15.
Nh5 Qe7 16. h3 Rad8 17. Nh2 f5 18. exf5 Bxf5 19. Ng4 Qg5 20. Ngf6+ Kh8 21. Re3
Nf4 22. Rg3 Qh4 23. Qd2 Rg8 24. Nxg8 Qxh5 25. Nf6 Qh4 26. Nd5 Nxd5 27. Bxd5
exd4 28. Rf3 Bg6 29. Bxf7 Be4 30. Rg3 Bh7 31. Rg4 Qf6 32. Bg6 dxc3 33. Qxh6
Bxf2+ 34. Kh1 Rd7 35. Rf4 cxb2 36. Re1 Be3 37. Rxe3 b1=Q+ 38. Kh2 Qxf4+ 39.
Qxf4 Bxg6 40. Qf6+ Kh7 41. Qh4+ Kg8 42. Rg3 Qf5 43. Rg5 Qf6 0-1

[Event "Bundesliga 9899"]
[Site "Deutschland"]
[Date "1999.03.21"]
[Round "13.7"]
[White "Kasimdzhanov, Rustam"]
[Black "Troyke, Christian"]
[Result "1-0"]
[WhiteElo "2595"]
[BlackElo "2400"]
[PlyCount "59"]
[EventDate "1998.10.17"]
[EventType "team"]
[EventRounds "15"]
[EventCountry "GER"]
[SourceTitle "Bundesliga 9899"]
[Source "DeepChess"]
[SourceDate "2005.01.01"]
[SourceVersion "1"]
[SourceVersionDate "2005.01.01"]
[SourceQuality "1"]
[WhiteTeam "SG 1868 Aljech. Solingen"]
[BlackTeam "Erfurter SK"]
[WhiteTeamCountry "GER"]
[BlackTeamCountry "GER"]

1. g3 g6 2. Bg2 Bg7 3. d4 d6 4. e4 Nf6 5. Ne2 O-O 6. O-O e5 7. Nbc3 c6 8. a4 a5
9. h3 Na6 10. Be3 Nb4 11. Qd2 Be6 12. Rad1 Bc4 13. Rfe1 Re8 14. d5 cxd5 15.
exd5 Qc8 16. b3 Ba6 17. Bb6 e4 18. Bd4 Qf5 19. Be3 Rac8 20. g4 Qd7 21. Bd4 h5
22. Bxf6 Bxf6 23. Nxe4 Rxe4 24. Bxe4 Qe7 25. Ng3 Bc3 26. Qh6 Bxe1 27. Rxe1 Nxc2
28. Nxh5 f6 29. Qxg6+ Kf8 30. Qh6+ 1-0

[Event "Bundesliga 9899"]
[Site "Deutschland"]
[Date "1999.03.21"]
[Round "13.8"]
[White "Langheinrich, Ferenc"]
[Black "Bischoff, Klaus"]
[Result "1-0"]
[WhiteElo "2279"]
[BlackElo "2521"]
[PlyCount "71"]
[EventDate "1998.10.17"]
[EventType "team"]
[EventRounds "15"]
[EventCountry "GER"]
[SourceTitle "Bundesliga 9899"]
[Source "DeepChess"]
[SourceDate "2005.01.01"]
[SourceVersion "1"]
[SourceVersionDate "2005.01.01"]
[SourceQuality "1"]
[WhiteTeam "Erfurter SK"]
[BlackTeam "SG 1868 Aljech. Solingen"]
[WhiteTeamCountry "GER"]
[BlackTeamCountry "GER"]

1. e4 c5 2. Nf3 d6 3. d4 cxd4 4. Nxd4 Nf6 5. Nc3 e6 6. g4 Nc6 7. g5 Nd7 8. Be3
Be7 9. h4 O-O 10. Qe2 a6 11. O-O-O Nxd4 12. Bxd4 b5 13. a3 Qa5 14. f4 Rb8 15.
f5 Ne5 16. f6 Bd8 17. fxg7 Re8 18. Na2 Qc7 19. Rg1 Bb7 20. h5 Qc4 21. Qxc4 bxc4
22. Bxe5 dxe5 23. g6 hxg6 24. hxg6 f5 25. Nc3 Bb6 26. Rh1 Kxg7 27. Rd7+ Kxg6
28. Bg2 Kf6 29. Rhh7 Ba8 30. Rdf7+ Kg5 31. Rhg7+ Kh6 32. Rh7+ Kg5 33. Rhg7+ Kh6
34. exf5 exf5 35. Bxa8 Rxa8 36. Rh7+ 1-0

[Event "Bundesliga 9899"]
[Site "Deutschland"]
[Date "1999.03.21"]
[Round "13.2"]
[White "Wahls, Matthias"]
[Black "Lerner, Konstantin Z"]
[Result "1-0"]
[WhiteElo "2609"]
[BlackElo "2568"]
[PlyCount "123"]
[EventDate "1998.10.17"]
[EventType "team"]
[EventRounds "15"]
[EventCountry "GER"]
[SourceTitle "Bundesliga 9899"]
[Source "DeepChess"]
[SourceDate "2005.01.01"]
[SourceVersion "1"]
[SourceVersionDate "2005.01.01"]
[SourceQuality "1"]
[WhiteTeam "Hamburger SK 1830 e.V."]
[BlackTeam "PSV Turm Duisburg 1920 e.V."]
[WhiteTeamCountry "GER"]
[BlackTeamCountry "GER"]

1. e4 c5 2. Nf3 d6 3. d4 cxd4 4. Nxd4 Nf6 5. Nc3 Nc6 6. Bg5 e6 7. Qd2 a6 8.
O-O-O h6 9. Be3 Be7 10. f4 Bd7 11. h3 b5 12. Bd3 Nxd4 13. Bxd4 Bc6 14. Qe3 O-O
15. Ne2 Qc7 16. Ng3 e5 17. fxe5 dxe5 18. Bb6 Qb7 19. Nf5 Nd5 20. Nxe7+ Nxe7 21.
Ba5 Ng6 22. Rhe1 Nf4 23. Bf1 Rfe8 24. h4 Bd7 25. g3 Ng6 26. Qb6 Qxb6 27. Bxb6
Bg4 28. Rd6 Re6 29. Rxe6 Bxe6 30. b3 Nf8 31. Rd1 Nd7 32. Rd6 Nxb6 33. Rxb6 Kf8
34. Kb2 Ke7 35. Ka3 f5 36. Bh3 g6 37. h5 gxh5 38. exf5 Bd5 39. Rxh6 Rg8 40. f6+
Kf7 41. Rxh5 Kxf6 42. Rf5+ Ke6 43. Rf8+ Kd6 44. Rxg8 Bxg8 45. Kb4 e4 46. Kc3
Ke5 47. a3 a5 48. b4 axb4+ 49. axb4 Bf7 50. Bf1 Be8 51. Kd2 Bc6 52. Ke3 Bd7 53.
Bg2 Bf5 54. c3 Bg6 55. g4 Kd5 56. Bf1 Be8 57. Kf4 Bd7 58. g5 Be8 59. Be2 Bc6
60. Kf5 Bd7+ 61. Kf6 e3 62. g6 1-0

[Event "Bundesliga 9899"]
[Site "Deutschland"]
[Date "1999.03.21"]
[Round "13.3"]
[White "Unzicker, Wolfgang"]
[Black "Kempinski, Robert"]
[Result "0-1"]
[WhiteElo "2440"]
[BlackElo "2533"]
[PlyCount "92"]
[EventDate "1998.10.17"]
[EventType "team"]
[EventRounds "15"]
[EventCountry "GER"]
[SourceTitle "Bundesliga 9899"]
[Source "DeepChess"]
[SourceDate "2005.01.01"]
[SourceVersion "1"]
[SourceVersionDate "2005.01.01"]
[SourceQuality "1"]
[WhiteTeam "PSV Turm Duisburg 1920 e.V."]
[BlackTeam "Hamburger SK 1830 e.V."]
[WhiteTeamCountry "GER"]
[BlackTeamCountry "GER"]

1. e4 c5 2. Nf3 d6 3. d4 cxd4 4. Nxd4 Nf6 5. Nc3 a6 6. Be2 e6 7. O-O Be7 8. f4
Qc7 9. a4 Nc6 10. Kh1 O-O 11. Be3 Re8 12. Bf3 Na5 13. Qe1 Nc4 14. Bc1 Nd7 15.
b3 Bf6 16. Nde2 Na5 17. Ba3 Be7 18. Rd1 Nf6 19. Rd3 Nc6 20. Qd2 d5 21. Bxe7
Nxe7 22. exd5 exd5 23. Nd4 b6 24. Re1 Bb7 25. g3 Rad8 26. Kg1 Qc5 27. Qf2 h6
28. Re5 Qb4 29. Na2 Qa3 30. Nc3 Ng6 31. Rxe8+ Rxe8 32. Nde2 Qb4 33. Bxd5 Nxd5
34. Nxd5 Qa3 35. c4 Qa1+ 36. Kg2 b5 37. axb5 axb5 38. Qf3 bxc4 39. bxc4 Qa2 40.
Kf2 Qxc4 41. Nec3 Qc5+ 42. Kg2 Kf8 43. Kh3 Qc8+ 44. Qg4 Qc5 45. Qd1 Qf2 46. Qd2
Qf1+ 0-1

[Event "Bundesliga 9899"]
[Site "Deutschland"]
[Date "1999.03.21"]
[Round "13.4"]
[White "Mueller, Karsten"]
[Black "Thesing, Matthias"]
[Result "1/2-1/2"]
[WhiteElo "2558"]
[BlackElo "2455"]
[PlyCount "168"]
[EventDate "1998.10.17"]
[EventType "team"]
[EventRounds "15"]
[EventCountry "GER"]
[SourceTitle "Bundesliga 9899"]
[Source "DeepChess"]
[SourceDate "2005.01.01"]
[SourceVersion "1"]
[SourceVersionDate "2005.01.01"]
[SourceQuality "1"]
[WhiteTeam "Hamburger SK 1830 e.V."]
[BlackTeam "PSV Turm Duisburg 1920 e.V."]
[WhiteTeamCountry "GER"]
[BlackTeamCountry "GER"]

1. e4 e6 2. d4 d5 3. Nd2 c5 4. Ngf3 cxd4 5. exd5 Qxd5 6. Bc4 Qd6 7. O-O Nf6 8.
Nb3 Nc6 9. Nbxd4 Nxd4 10. Qxd4 Qxd4 11. Nxd4 Bd7 12. Be2 Bc5 13. Nb3 Bb6 14.
Bf4 Nd5 15. Bg3 Rc8 16. c3 Ba4 17. Rad1 Nf6 18. Be5 O-O 19. Bd4 Bxd4 20. Rxd4
Bd7 21. Rfd1 Rc7 22. f4 h6 23. Bf3 g5 24. g3 Bc6 25. Kf2 Bxf3 26. Kxf3 Rfc8 27.
Nd2 Kg7 28. Ne4 Nxe4 29. Rxe4 Kg6 30. Rd6 Rc6 31. Rd7 R8c7 32. Rd8 Rc8 33. Rd2
a5 34. Re5 Rc5 35. Rxc5 Rxc5 36. Rd7 b5 37. Rb7 a4 38. Ke4 gxf4 39. Kxf4 a3 40.
bxa3 Rxc3 41. Rxb5 Rxa3 42. Rb2 h5 43. Re2 Ra5 44. Rb2 f6 45. Rf2 e5+ 46. Kf3
Kf5 47. Ke3+ Ke6 48. Rb2 Ra3+ 49. Kf2 Kf5 50. Rc2 h4 51. Kg2 hxg3 52. hxg3 Kg4
53. Rc4+ Kg5 54. Rc2 f5 55. Re2 e4 56. Rf2 Rd3 57. Rf4 Rd2+ 58. Kg1 Rxa2 59.
Kf1 Ra3 60. Kg2 Rb3 61. Kf2 Rb6 62. Ke2 Rg6 63. Ke3 Rg7 64. Rh4 Kf6 65. Kf2 Ra7
66. Rh8 Ra2+ 67. Ke3 Ra3+ 68. Kf2 Rf3+ 69. Kg2 Ke5 70. Ra8 Rd3 71. Kf2 Rd5 72.
Ke3 Rb5 73. Re8+ Kd5 74. Kf4 Rb3 75. Kxf5 Rf3+ 76. Kg4 Kd4 77. Ra8 Rc3 78. Kf4
Rf3+ 79. Kg4 Rf7 80. Ra4+ Kd3 81. Ra3+ Ke2 82. Ra2+ Kf1 83. Ra1+ Kg2 84. Re1
Rg7+ 1/2-1/2

[Event "Bundesliga 9899"]
[Site "Deutschland"]
[Date "1999.03.21"]
[Round "13.5"]
[White "Volke, Karsten"]
[Black "Heinemann, Thies"]
[Result "1/2-1/2"]
[WhiteElo "2455"]
[BlackElo "2483"]
[PlyCount "84"]
[EventDate "1998.10.17"]
[EventType "team"]
[EventRounds "15"]
[EventCountry "GER"]
[SourceTitle "Bundesliga 9899"]
[Source "DeepChess"]
[SourceDate "2005.01.01"]
[SourceVersion "1"]
[SourceVersionDate "2005.01.01"]
[SourceQuality "1"]
[WhiteTeam "PSV Turm Duisburg 1920 e.V."]
[BlackTeam "Hamburger SK 1830 e.V."]
[WhiteTeamCountry "GER"]
[BlackTeamCountry "GER"]

1. e4 c5 2. Nf3 d6 3. d4 cxd4 4. Nxd4 Nf6 5. Nc3 a6 6. Be3 e5 7. Nb3 Be7 8. f3
Be6 9. Qd2 b5 10. O-O-O Nbd7 11. g4 b4 12. Nd5 Bxd5 13. exd5 Nb6 14. Qxb4 Nfxd5
15. Bxb6 Nxb6 16. f4 Qc7 17. Qe4 exf4 18. Qxf4 O-O 19. h4 Rfc8 20. Bd3 Nc4 21.
Qe4 g6 22. Bxc4 Qxc4 23. Rd4 Qe6 24. g5 Re8 25. Qxe6 fxe6 26. Re1 e5 27. Rde4
Rf8 28. c4 a5 29. Kb1 a4 30. Nc1 Rf3 31. c5 dxc5 32. Rxe5 Bf8 33. R5e3 Rxe3 34.
Rxe3 Bg7 35. Nd3 Rb8 36. Re4 Bxb2 37. Rxa4 Bd4+ 38. Kc2 Rb7 39. Rc4 Rc7 40. Nc1
Rf7 41. Nb3 Rf2+ 42. Kd3 Rxa2 1/2-1/2

[Event "Bundesliga 9899"]
[Site "Deutschland"]
[Date "1999.03.21"]
[Round "13.6"]
[White "Michaelsen, Nils"]
[Black "Kraut, Rainer"]
[Result "1-0"]
[WhiteElo "2440"]
[BlackElo "2460"]
[PlyCount "81"]
[EventDate "1998.10.17"]
[EventType "team"]
[EventRounds "15"]
[EventCountry "GER"]
[SourceTitle "Bundesliga 9899"]
[Source "DeepChess"]
[SourceDate "2005.01.01"]
[SourceVersion "1"]
[SourceVersionDate "2005.01.01"]
[SourceQuality "1"]
[WhiteTeam "Hamburger SK 1830 e.V."]
[BlackTeam "PSV Turm Duisburg 1920 e.V."]
[WhiteTeamCountry "GER"]
[BlackTeamCountry "GER"]

1. d4 d5 2. c4 dxc4 3. e4 Nc6 4. Be3 Nf6 5. Nc3 e5 6. d5 Na5 7. Nf3 Bd6 8. Bxc4
Nxc4 9. Qa4+ Bd7 10. Qxc4 O-O 11. O-O Qe8 12. a4 a6 13. Nd2 b6 14. Qe2 Ng4 15.
Nc4 Bb4 16. Bd2 Nf6 17. Bg5 b5 18. axb5 Bxc3 19. bxc3 Bxb5 20. Bxf6 gxf6 21.
Rfe1 Qe7 22. Qg4+ Kh8 23. Ne3 Bd7 24. Qf3 Rg8 25. Ra5 Rg6 26. Rea1 Bc8 27. c4
Rb8 28. c5 Rb5 29. Rxb5 axb5 30. c6 Rg8 31. h3 Rg6 32. Ra8 Rg8 33. Rb8 b4 34.
Kh2 Qd6 35. Qh5 Qe7 36. g3 Ba6 37. Nf5 Qc5 38. Rxg8+ Kxg8 39. Qg4+ Kf8 40. Qg7+
Ke8 41. Qh8+ 1-0

[Event "Bundesliga 9899"]
[Site "Deutschland"]
[Date "1999.03.21"]
[Round "13.7"]
[White "Zude, Arno"]
[Black "Loeffler, Stefan"]
[Result "1-0"]
[WhiteElo "2395"]
[BlackElo "2385"]
[PlyCount "112"]
[EventDate "1998.10.17"]
[EventType "team"]
[EventRounds "15"]
[EventCountry "GER"]
[SourceTitle "Bundesliga 9899"]
[Source "DeepChess"]
[SourceDate "2005.01.01"]
[SourceVersion "1"]
[SourceVersionDate "2005.01.01"]
[SourceQuality "1"]
[WhiteTeam "PSV Turm Duisburg 1920 e.V."]
[BlackTeam "Hamburger SK 1830 e.V."]
[WhiteTeamCountry "GER"]
[BlackTeamCountry "GER"]

1. e4 c5 2. Nf3 e6 3. d4 cxd4 4. Nxd4 Nc6 5. Nb5 d6 6. c4 Nf6 7. N1c3 a6 8. Na3
Be7 9. Be2 b6 10. O-O Bb7 11. Be3 Ne5 12. f4 Ned7 13. Bf3 O-O 14. Qe2 Qc7 15.
Rac1 Rfe8 16. Rfd1 Rac8 17. g4 h6 18. h4 Nh7 19. Qh2 f5 20. gxf5 exf5 21. Qh3
fxe4 22. Bh5 Nc5 23. Nd5 Bxd5 24. cxd5 Qb7 25. b4 Nd3 26. Qe6+ Kh8 27. Bxe8
Rxe8 28. Rc6 Nf6 29. Nc4 Bf8 30. Nxd6 Bxd6 31. Qxd6 Qf7 32. Rd2 Nxd5 33. Bd4
N3xf4 34. Rg2 Qe6 35. Bxg7+ Kh7 36. Qxe6 Rxe6 37. Rxe6 Nxe6 38. Be5 Nxb4 39. h5
Ng5 40. Bf6 e3 41. Kf1 Nd5 42. Be5 Kg8 43. Ke2 Kf7 44. Rg1 Ke6 45. Bd4 Nh3 46.
Rh1 Nhf4+ 47. Kf3 e2 48. Bxb6 Nxh5 49. Ba5 Nhf6 50. Rxh6 Kd7 51. Kxe2 Ne4 52.
Rxa6 Kc8 53. Rh6 Nec3+ 54. Bxc3 Nxc3+ 55. Kd3 Nxa2 56. Kc4 Nc1 1-0

[Event "Bundesliga 9899"]
[Site "Deutschland"]
[Date "1999.03.21"]
[Round "13.8"]
[White "Sievers, Stefan"]
[Black "Schmitz, Joachim"]
[Result "1/2-1/2"]
[WhiteElo "2340"]
[BlackElo "2320"]
[PlyCount "82"]
[EventDate "1998.10.17"]
[EventType "team"]
[EventRounds "15"]
[EventCountry "GER"]
[SourceTitle "Bundesliga 9899"]
[Source "DeepChess"]
[SourceDate "2005.01.01"]
[SourceVersion "1"]
[SourceVersionDate "2005.01.01"]
[SourceQuality "1"]
[WhiteTeam "Hamburger SK 1830 e.V."]
[BlackTeam "PSV Turm Duisburg 1920 e.V."]
[WhiteTeamCountry "GER"]
[BlackTeamCountry "GER"]

1. c4 c5 2. g3 g6 3. Bg2 Bg7 4. Nc3 Nc6 5. e3 e5 6. Nge2 Nge7 7. O-O O-O 8. b3
d6 9. Bb2 a6 10. Nd5 Nxd5 11. cxd5 Ne7 12. h3 Bd7 13. Rb1 Bb5 14. d3 a5 15. a4
Ba6 16. Re1 Nf5 17. Qc2 Rb8 18. Nc3 b5 19. axb5 Bxb5 20. Ra1 Qb6 21. Reb1 Bd7
22. Ra3 Rb7 23. Ne4 Ra8 24. Bc3 Rba7 25. Rba1 Bb5 26. Nd2 h5 27. h4 Bh6 28. Nc4
Qc7 29. Bxa5 Qe7 30. Bc3 Rxa3 31. Rxa3 Rxa3 32. Nxa3 Ba6 33. Nc4 g5 34. Qe2
gxh4 35. Qxh5 Qf6 36. e4 Nd4 37. Bxd4 hxg3 38. fxg3 exd4 39. Qg4+ Kf8 40. Kh2
Bg5 41. Qh5 Bxc4 1/2-1/2

[Event "Bundesliga 9899"]
[Site "Deutschland"]
[Date "1999.03.21"]
[Round "13.1"]
[White "Georgiev, Kiril"]
[Black "Sokolovs, Andrei"]
[Result "1-0"]
[WhiteElo "2659"]
[BlackElo "2490"]
[PlyCount "127"]
[EventDate "1998.10.17"]
[EventType "team"]
[EventRounds "15"]
[EventCountry "GER"]
[SourceTitle "Bundesliga 9899"]
[Source "DeepChess"]
[SourceDate "2005.01.01"]
[SourceVersion "1"]
[SourceVersionDate "2005.01.01"]
[SourceQuality "1"]
[WhiteTeam "SG Bochum 31"]
[BlackTeam "SK Zaehringen 1921"]
[WhiteTeamCountry "GER"]
[BlackTeamCountry "GER"]

1. d4 Nf6 2. c4 e6 3. Nf3 b6 4. g3 Ba6 5. b3 Bb4+ 6. Bd2 Be7 7. Bg2 O-O 8. O-O
d5 9. cxd5 Nxd5 10. Nc3 Nd7 11. Nxd5 exd5 12. Rc1 Re8 13. Rc2 Bb7 14. Qc1 c6
15. Rd1 a5 16. a4 h6 17. Be3 Bf8 18. Bh3 Nf6 19. Ne5 c5 20. Nd3 c4 21. bxc4
dxc4 22. Ne5 Qd5 23. f3 Rad8 24. Nxc4 Ba6 25. Rd3 Qh5 26. Bf1 Nd5 27. Bd2 f5
28. Qb2 Nb4 29. Bxb4 Bxb4 30. Qb3 Kh8 31. Rd1 Qf7 32. Nxa5 Qxb3 33. Nxb3 Re3
34. Rb1 g5 35. Rc6 Rd6 36. Rxd6 Bxd6 37. Nd2 Bc7 38. Kf2 f4 39. Rc1 Bd8 40. Nc4
Bxc4 41. Rxc4 Be7 42. Bh3 Kg7 43. Rc7 Kf8 44. Rc6 Rb3 45. Rxh6 Rb4 46. Bd7 Rxd4
47. Bb5 Rd6 48. Rh8+ Kg7 49. Rc8 Rh6 50. Kg2 Bd6 51. Bc4 Bb4 52. Rg8+ Kf6 53.
Bd3 Bc5 54. Rc8 Bb4 55. Rc4 Bd2 56. Rd4 Be3 57. Rd5 Ke6 58. Rxg5 fxg3 59. Rxg3
Bf4 60. Rg4 Rxh2+ 61. Kg1 Bc7 62. Rg6+ Kd5 63. Rxb6 Rh8 64. Rb4 1-0

[Event "Bundesliga 9899"]
[Site "Deutschland"]
[Date "1999.03.21"]
[Round "13.2"]
[White "Cvitan, Ognjen"]
[Black "Krasenkow, Michal"]
[Result "1/2-1/2"]
[WhiteElo "2521"]
[BlackElo "2643"]
[PlyCount "23"]
[EventDate "1998.10.17"]
[EventType "team"]
[EventRounds "15"]
[EventCountry "GER"]
[SourceTitle "Bundesliga 9899"]
[Source "DeepChess"]
[SourceDate "2005.01.01"]
[SourceVersion "1"]
[SourceVersionDate "2005.01.01"]
[SourceQuality "1"]
[WhiteTeam "SK Zaehringen 1921"]
[BlackTeam "SG Bochum 31"]
[WhiteTeamCountry "GER"]
[BlackTeamCountry "GER"]

1. d4 d5 2. Nf3 c6 3. c4 e6 4. Qc2 dxc4 5. Qxc4 Nf6 6. g3 b5 7. Qd3 Bb7 8. Bg2
Nbd7 9. O-O a6 10. Nbd2 c5 11. dxc5 Nxc5 12. Qxd8+ 1/2-1/2

[Event "Bundesliga 9899"]
[Site "Deutschland"]
[Date "1999.03.21"]
[Round "13.3"]
[White "Keitlinghaus, Ludger"]
[Black "Pelletier, Yannick"]
[Result "1/2-1/2"]
[WhiteElo "2471"]
[BlackElo "2483"]
[PlyCount "34"]
[EventDate "1998.10.17"]
[EventType "team"]
[EventRounds "15"]
[EventCountry "GER"]
[SourceTitle "Bundesliga 9899"]
[Source "DeepChess"]
[SourceDate "2005.01.01"]
[SourceVersion "1"]
[SourceVersionDate "2005.01.01"]
[SourceQuality "1"]
[WhiteTeam "SG Bochum 31"]
[BlackTeam "SK Zaehringen 1921"]
[WhiteTeamCountry "GER"]
[BlackTeamCountry "GER"]

1. e4 c5 2. Nc3 Nc6 3. Bb5 Nd4 4. Bc4 e6 5. Nf3 Ne7 6. O-O Nec6 7. Nxd4 cxd4 8.
Ne2 Be7 9. d3 O-O 10. Bd2 Kh8 11. Bb3 d6 12. c3 Bf6 13. Rc1 Bd7 14. cxd4 Nxd4
15. Bc3 Qb6 16. Nxd4 Bxd4 17. Ba4 Bxc3 1/2-1/2

[Event "Bundesliga 9899"]
[Site "Deutschland"]
[Date "1999.03.21"]
[Round "13.4"]
[White "Siegel, Georg"]
[Black "Schmittdiel, Eckhard"]
[Result "0-1"]
[WhiteElo "2483"]
[BlackElo "2483"]
[PlyCount "82"]
[EventDate "1998.10.17"]
[EventType "team"]
[EventRounds "15"]
[EventCountry "GER"]
[SourceTitle "Bundesliga 9899"]
[Source "DeepChess"]
[SourceDate "2005.01.01"]
[SourceVersion "1"]
[SourceVersionDate "2005.01.01"]
[SourceQuality "1"]
[WhiteTeam "SK Zaehringen 1921"]
[BlackTeam "SG Bochum 31"]
[WhiteTeamCountry "GER"]
[BlackTeamCountry "GER"]

1. Nf3 Nf6 2. c4 e6 3. Nc3 Bb4 4. g3 b6 5. Bg2 Bb7 6. Qc2 O-O 7. a3 Bxc3 8.
Qxc3 a5 9. b3 d6 10. O-O Nbd7 11. Bb2 Qe7 12. d3 c5 13. e4 Rfd8 14. Rae1 Ne5
15. Nd2 Nc6 16. f4 Nd4 17. Nf3 e5 18. Nxd4 cxd4 19. Qc2 Nd7 20. Bf3 Bc6 21. a4
Nc5 22. Bc1 f6 23. f5 Kf8 24. Bd1 Ke8 25. Qe2 Kd7 26. Bc2 Kc7 27. Qh5 Rh8 28.
Bd2 Be8 29. Qf3 h5 30. Re2 Bd7 31. Ref2 Rag8 32. h4 g6 33. fxg6 Rxg6 34. Kh2
Rhg8 35. Rg2 Qe6 36. Be1 Qh3+ 37. Kg1 Ne6 38. Qf5 Nf4 39. Qxh3 Bxh3 40. Rd2
Bxf1 41. Kxf1 Rxg3 0-1

[Event "Bundesliga 9899"]
[Site "Deutschland"]
[Date "1999.03.21"]
[Round "13.5"]
[White "Bosch, Jeroen"]
[Black "Roos, Daniel"]
[Result "1-0"]
[WhiteElo "2470"]
[BlackElo "2425"]
[PlyCount "59"]
[EventDate "1998.10.17"]
[EventType "team"]
[EventRounds "15"]
[EventCountry "GER"]
[SourceTitle "Bundesliga 9899"]
[Source "DeepChess"]
[SourceDate "2005.01.01"]
[SourceVersion "1"]
[SourceVersionDate "2005.01.01"]
[SourceQuality "1"]
[WhiteTeam "SG Bochum 31"]
[BlackTeam "SK Zaehringen 1921"]
[WhiteTeamCountry "GER"]
[BlackTeamCountry "GER"]

1. e4 c6 2. d4 d5 3. e5 Bf5 4. Nf3 e6 5. Be2 Nd7 6. O-O h6 7. b3 Ne7 8. c4 Ng6
9. Na3 Be7 10. Nc2 Be4 11. Nd2 c5 12. Nxe4 dxe4 13. Bh5 Ngf8 14. Bb2 cxd4 15.
Bxd4 Qc7 16. Qe2 g6 17. Bg4 h5 18. Bh3 O-O-O 19. Qxe4 g5 20. g3 a6 21. Bg2 Ng6
22. b4 h4 23. Rfe1 hxg3 24. hxg3 Nb6 25. Bxb6 Qxb6 26. c5 Qc7 27. Na3 Kb8 28.
Nc4 f5 29. exf6 Bxf6 30. Qxg6 1-0